000 00218 a2200109 4500
020 _a9789502408064
041 _aspa
100 _aMoses, Brian
245 _aPerdon Aprender a ser Amable
942 _cBK
952 _71
999 _c16790
_d16790